000 01066cam a2200265 4500
001 WS116513
008 020128n 000 0 eng u
035 _a(Sirsi) u116513
110 _aInternational Society of Mine Surveyors
_94192
245 _aInternational Society of Mine Surveyors
520 _aWeb site for this association of specialists on mine surveying. Includes a history of mine surveying and details of the work of its commissions covering education, mining law, mineral resources management, surveying instruments, mining subsidence and environmental planning.
650 _aINTERNATIONAL
650 _aMINE SURVEYING
650 _aORGANISATION
650 _aHISTORY
650 _aCAREERS, EDUCATION AND TRAINING
650 _aMINING LAW
650 _aMINERAL RESOURCES MANAGEMENT
650 _aSURVEYING INSTRUMENTS
650 _aSUBSIDENCE
650 _aEnvironment
_96238
690 _aMINING AND MINERALS
856 4 0 _uhttps://www.ism.rwth-aachen.de/
_zView the website free of charge at www.ism.rwth-aachen.de/...
942 _n0
999 _c120006
_d120006